000 00953nam a22002891i 4500
001 18677
003 ES-MaACL
005 20230906151909.0
007 t|
008 020228s1976 sp ||||0| spa j
016 7 _zIND9200544438
020 _a84-320-5617-0
040 _aM-BN
_bspa
_cA2
080 _a929 Mola Vidal, Emilio:32
080 _a946"1936/39"
100 1 _aMaíz, B. Félix.
_975634
245 1 0 _aMola, aquel hombre
_b: diario de la conspiración 1936 /
_c[por] B. Felix Maíz.
250 _a1ª ed.
260 _aBarcelona :
_bPlaneta,
_c1976.
300 _a344 p :
_bil ;
_c25 cm.
490 1 _aEspejo de España ;
_v17.
_aSerie La guerra civil
600 1 4 _aMola Vidal, Emilio.
_981837
651 4 _aEspaña-
_xHistoria-
_y1936-1939, Guerra civil-
_xCausas y antecedentes.
_98299
830 0 _aEspejo de España ;
_v17.
_aSerie La guerra civil
_9226567
852 _aES-MaACL
_jG-4651
_bR.130968
999 _c18677
_d18677